Memeria
Guardado en:
| Institution som forfatter: | |
|---|---|
| Format: | Texto |
| Udgivet: |
San José:
s.n.
|
| Tags: |
Tilføj Tag
Ingen Tags, Vær først til at tagge denne postø!
|
MARC
| LEADER | 00000 a a2200000 04500 | ||
|---|---|---|---|
| 001 | 24151 | ||
| 003 | |||
| 040 | |a CRAI/IIS |c CRAI/IIS | ||
| 090 | |a 200300 | ||
| 110 | |a Universidad de Costa Rica. Federación de Estudiantes Universitarios. Comisión de Asuntos Nacionales | ||
| 245 | |a Memeria | ||
| 260 | |a San José: |b s.n. | ||
| 300 | |a 35 p. | ||
| 999 | |c 8956 |d 8956 | ||
